000 00259nmm a2200097Ia 4500
008 220120s9999||||xx |||||||||||||||||und||
020 _a981-4035-88-2
100 _aMeier, Michael, L
245 0 _aIntroduction to material science for engineers
260 _bDelhi
999 _c139684
_d139684